Statistics for Panic! at the Disco (FULL Discography)

Click here to take the quiz!

General Stats

  • This quiz has been taken 27 times
    (23 since last reset)
  • The average score is 70 of 107

Answer Stats

HintAnswer% Correct
A Fever You Can't Sweat OutI Write Sins Not Tragedies
93%
Taylor Swift Single, Feature (2019)ME!
93%
Death of a BachelorDeath of a Bachelor
87%
Too Weird to Live, Too Rare to Die!Girls/Girls/Boys
87%
Vices & VirtuesHurricane
87%
Pray for the WickedKing of the Clouds
87%
Death of a BachelorLA Devotee
87%
Too Weird to Live, Too Rare to Die!Miss Jackson
87%
Pretty. Odd.Nine in the Afternoon
87%
Pray for the Wicked(Say Amen) Saturday Night
87%
Vices & VirtuesThe Ballad of Mona Lisa
87%
Too Weird to Live, Too Rare to Die!This is Gospel
87%
Viva Las VengeanceViva Las Vengeance
87%
Too Weird to Live, Too Rare to Die! (Bonus)All the Boys
80%
A Fever You Can't Sweat OutCamisado
80%
Death of a BachelorEmperor's New Clothes
80%
Too Weird to Live, Too Rare to Die!Far Too Young to Die
80%
Pray for the Wicked(Fuck A) Silver Lining
80%
Pray for the WickedHigh Hopes
80%
Vices & VirtuesLet's Kill Tonight
80%
Pray for the WickedThe Overpass
80%
A Fever You Can't Sweat OutTime to Dance
80%
A Fever You Can't Sweat OutBut It's Better If You Do
73%
Too Weird to Live, Too Rare to Die!Casual Affair
73%
Too Weird to Live, Too Rare to Die!Collar Full
73%
Death of a BachelorCrazy=Genius
73%
Pray for the WickedDying in LA
73%
Too Weird to Live, Too Rare to Die!Girl That You Love
73%
Death of a BachelorGolden Days
73%
Death of a BachelorHouse of Memories
73%
A Fever You Can't Sweat OutI Constantly Thank God for Esteban
73%
Death of a BachelorImpossible Year
73%
A Fever You Can't Sweat OutIntermission
73%
A Fever You Can't Sweat OutIntroduction
73%
Pretty. Odd.Northern Downpour
73%
Vices & Virtues (Bonus)Oh Glory
73%
Pray for the WickedOne of the Drunks
73%
A Fever You Can't Sweat OutThe Only Difference Between Martyrdom and Suicide Is Press Coverage
73%
Pretty. Odd.The Piano Knows Something I Don't Know
73%
Pretty. Odd.When the Day Met the Night
73%
Vices & Virtues (Bonus)Bittersweet
67%
A Fever You Can't Sweat OutBuild God, Then We'll Talk
67%
Single, 2011 (Collab)C'mon
67%
Pray for the WickedDancing's Not a Crime
67%
Viva Las VengeanceDo it to Death
67%
Death of a BachelorDon't Threaten Me with a Good Time
67%
Death of a BachelorHallelujah
67%
Vices & Virtues (Bonus)Kaleidoscope Eyes
67%
A Fever You Can't Sweat OutLondon Beckoned Songs About Money Written by Machines
67%
A Fever You Can't Sweat OutLying Is the Most Fun a Girl Can Have Without Taking Her Clothes Off
67%
Pretty. Odd.Mad as Rabbits
67%
Vices & VirtuesMemories
67%
Pray for the WickedOld Fashioned
67%
Pretty. Odd.Pas de Cheval
67%
Vices & VirtuesReady to Go (Get Me Out of My Mind)
67%
Pray for the WickedRoaring 20s
67%
Vices & VirtuesSarah Smiles
67%
Pretty. Odd.She's a Handsome Woman
67%
Viva Las VengeanceSomething About Maggie
67%
Vices & Virtues (Bonus)Stall Me
67%
Too Weird to Live, Too Rare to Die!The End of All Things
67%
Death of a BachelorThe Good, the Bad, and the Dirty
67%
Too Weird to Live, Too Rare to Die!Vegas Lights
67%
Death of a BachelorVictorious
67%
Pretty. Odd.We're So Starving
67%
Viva Las VengeanceAll by Yourself
60%
Pretty. Odd.Behind the Sea
60%
Too Weird to Live, Too Rare to Die! (Bonus)Can't Fight Against the Youth
60%
Viva Las VengeanceDon't Let the Light Go Out
60%
Pretty. Odd.Folkin' Around
60%
Pray for the WickedHey Look Ma, I Made It
60%
Single, 2019Into the Unknown
60%
Viva Las VengeanceMiddle of a Breakup
60%
A Fever You Can't Sweat OutNails for Breakfast, Tacks for Snacks
60%
Vices & VirtuesNearly Witches (Ever Since We Met...)
60%
Single, 2009New Perspective
60%
Too Weird to Live, Too Rare to Die!Nicotine
60%
Viva Las VengeanceSad Clown
60%
Pretty. Odd.She Had the World
60%
Viva Las VengeanceStar Spangled Banger
60%
Viva Las VengeanceSugar Soaker
60%
Pretty. Odd.That Green Gentleman (Things Have Changed)
60%
A Fever You Can't Sweat OutThere's a Good Reason These Tables Are Numbered Honey, You Just Haven't Thought of It Yet
60%
Vices & VirtuesTrade Mistakes
60%
Vices & Virtues (Bonus)Turn Off the Lights
60%
Vices & VirtuesAlways
53%
Pretty. Odd.From a Mountain in the Middle of the Cabins
53%
Viva Las VengeanceGod Killed Rock and Roll
53%
Pretty. Odd.I Have Friends in Holy Spaces
53%
Vices & Virtues (Bonus)I Wanna Be Free
53%
Viva Las VengeanceLocal God
53%
DIllon Francis Single, Featured (2014)Love in the Middle of a Firefight
53%
Benny Blanco & Juice WRLD Single, Feature (2018)Roses
53%
Viva Las VengeanceSay it Louder
53%
Vices & VirtuesThe Calendar
53%
Pretty. Odd.Do You Know What I'm Seeing?
47%
Travie McCoy Single, Featured (2014)Keep On Keeping On
40%
Lil Dicky Song, Featured (2015)Molly
40%
Single, 2018The Greatest Show
40%
Single, 2016Bohemian Rhapsody
33%
Every Time I Die Song, Featured (2016)It Remembers
33%
Single, 2008It's Almost Halloween
33%
Single, 2017Feels Like Christmas
27%
Single, 2011Mercenary
27%
Single, 2006This is Halloween
27%
Musical Soundtrack, 2016(Just A) Simple Sponge
13%
Dallon Weekes Single, Featured (2012)Skid Row
13%

Score Distribution

Percentile by Number Answered

Percent of People with Each Score

Your Score History

You have not taken this quiz since the last reset